| 000 | 02747nam0a2200385 4500 | ||
|---|---|---|---|
| 001 | RU\NLR\bibl\1092382 | ||
| 005 | 20260409073053.0 | ||
| 010 |
_a978-5-98079-288-6 _9250 |
||
| 021 |
_aRU _b2007-26672 _91420 |
||
| 035 | _a(NLR Aleph) 001079511 | ||
| 090 |
_a1049525 _c1049525 |
||
| 100 | _a20070530d2007 |||y0rusy50 ca | ||
| 101 | 0 | _arus | |
| 102 | _aRU | ||
| 105 | _ay ||||||||| | ||
| 200 | 1 |
_aАналитические материалы по проекту "Анализ нормативно-правовой базы в области прав человека в контексте биомедицинских исследований и выработки рекомендаций по ее усовершенствованию" _eв рамках программы "Преодоление социальных последствий эпидемии ВИЧ/СПИДа посредством информации и образования в области прав человека и социальной интеграции людей, живущих с ВИЧ/СПИДом" _fгл. ред. чл.-кор. РАН, проф. Б.Г. Юдин |
|
| 210 |
_aМосква _cИзд-во Московского гуманитарного университета _d2007 |
||
| 215 |
_a341, [1] с. _d21 |
||
| 300 | _aВ надзаг.: Бюро ЮНЕСКО в Москве, Регион. обществ. орг. "Сообщество людей, живущих с ВИЧ", Моск. гуманит. ун-т, Ин-т гуманит. исслед., Центр биоэтики | ||
| 320 | _aБиблиогр. в тексте и в подстроч. прим. | ||
| 606 |
_aПрава человека _xЗащита _3RU\NLR\auth\661254700 _92078834 |
||
| 606 | 1 |
_aБиоэтика _xПравовые вопросы _yРоссийская Федерация _92370672 _3RU\NLR\auth\661415034 |
|
| 606 | 1 |
_aБиоэтика _xМеждународно-правовые вопросы _92475927 _3RU\NLR\auth\661470152 |
|
| 686 | _aХ620.32 | ||
| 686 | _aХ911.3 | ||
| 686 | _aХ621.154 | ||
| 686 | _aХ916.7 | ||
| 702 | 1 |
_4340 _8rus _7ca _aЮдин _bБ. Г. _cд-р филос. наук _f1943-2017 _gБорис Григорьевич _3RU\NLR\AUTH\77110641 _993566 |
|
| 710 | 0 | 2 |
_a"Анализ нормативно-правовой базы в области прав человека в контексте биомедицинских исследований и выработка рекомендаций по ее усовершенствованию", проект _3RU\NLR\AUTH\8810099571 _9700168 |
| 801 | 0 |
_aRU _bNLR _c20070530 _gRCR |
|
| 801 | 1 |
_aRU _bNLR _c20070530 |
|
| 942 | _cBOOK | ||
| 980 | _aNB | ||